Civilians and military supply in early modern Finland / (Record no. 45565)
[ view plain ]
| 000 -LEADER | |
|---|---|
| fixed length control field | 01815cam a2200445 i 4500 |
| 003 - CONTROL NUMBER IDENTIFIER | |
| control field | PHURS |
| 005 - DATE AND TIME OF LATEST TRANSACTION | |
| control field | 20260218105601.0 |
| 008 - FIXED-LENGTH DATA ELEMENTS--GENERAL INFORMATION | |
| fixed length control field | 210810s2021 fi ob 001 0 eng d |
| 040 ## - CATALOGING SOURCE | |
| Original cataloging agency | JSTOR |
| Language of cataloging | eng |
| Description conventions | rda |
| -- | pn |
| Transcribing agency | JSTOR |
| Modifying agency | OCLCO |
| -- | OCLCF |
| -- | OCLCQ |
| -- | OCLCO |
| -- | OCLCQ |
| 020 ## - INTERNATIONAL STANDARD BOOK NUMBER | |
| International Standard Book Number | 9789523690394 |
| Qualifying information | (electronic bk.) |
| 020 ## - INTERNATIONAL STANDARD BOOK NUMBER | |
| International Standard Book Number | 9523690396 |
| Qualifying information | (electronic bk.) |
| 050 #4 - LIBRARY OF CONGRESS CALL NUMBER | |
| Classification number | HD9743.F52 |
| 245 00 - TITLE STATEMENT | |
| Title | Civilians and military supply in early modern Finland / |
| Statement of responsibility, etc. | edited by Petri Talvitie and Juha-Matti Granqvist. |
| 264 #1 - PRODUCTION, PUBLICATION, DISTRIBUTION, MANUFACTURE, AND COPYRIGHT NOTICE | |
| Place of production, publication, distribution, manufacture | [Helsinki] : |
| Name of producer, publisher, distributor, manufacturer | HUP, Helsinki University Press, |
| Date of production, publication, distribution, manufacture, or copyright notice | 2021. |
| 300 ## - PHYSICAL DESCRIPTION | |
| Extent | 1 online resource |
| 336 ## - CONTENT TYPE | |
| Content type term | text |
| Content type code | txt |
| Source | rdacontent |
| 337 ## - MEDIA TYPE | |
| Media type term | computer |
| Media type code | c |
| Source | rdamedia |
| 338 ## - CARRIER TYPE | |
| Carrier type term | online resource |
| Carrier type code | cr |
| Source | rdacarrier |
| 504 ## - BIBLIOGRAPHY, ETC. NOTE | |
| Bibliography, etc. note | Includes bibliographical references and index. |
| 588 0# - SOURCE OF DESCRIPTION NOTE | |
| Source of description note | PDF (JSTOR, viewed August 10, 2021). |
| 590 ## - LOCAL NOTE (RLIN) | |
| Local note | JSTOR |
| Provenance (VM) [OBSOLETE] | Books at JSTOR Open Access |
| 610 10 - SUBJECT ADDED ENTRY--CORPORATE NAME | |
| Corporate name or jurisdiction name as entry element | Finland. |
| Subordinate unit | Maavoimat |
| General subdivision | Supplies and stores |
| -- | History. |
| 610 17 - SUBJECT ADDED ENTRY--CORPORATE NAME | |
| Corporate name or jurisdiction name as entry element | Finland. |
| Subordinate unit | Maavoimat. |
| Source of heading or term | fast |
| Authority record control number or standard number | (OCoLC)fst00517956 |
| 650 #0 - SUBJECT ADDED ENTRY--TOPICAL TERM | |
| Topical term or geographic name entry element | Defense industries |
| Geographic subdivision | Finland |
| General subdivision | History. |
| 650 #0 - SUBJECT ADDED ENTRY--TOPICAL TERM | |
| Topical term or geographic name entry element | Civil-military relations |
| Geographic subdivision | Finland |
| General subdivision | History. |
| 650 #6 - SUBJECT ADDED ENTRY--TOPICAL TERM | |
| Topical term or geographic name entry element | Industrie militaire |
| Geographic subdivision | Finlande |
| General subdivision | Histoire. |
| 650 #6 - SUBJECT ADDED ENTRY--TOPICAL TERM | |
| Topical term or geographic name entry element | Relations pouvoir civil-pouvoir militaire |
| Geographic subdivision | Finlande |
| General subdivision | Histoire. |
| 650 #7 - SUBJECT ADDED ENTRY--TOPICAL TERM | |
| Topical term or geographic name entry element | HISTORY |
| Geographic subdivision | Europe |
| -- | Scandinavia. |
| 650 #7 - SUBJECT ADDED ENTRY--TOPICAL TERM | |
| Topical term or geographic name entry element | Civil-military relations. |
| 650 #7 - SUBJECT ADDED ENTRY--TOPICAL TERM | |
| Topical term or geographic name entry element | Defense industries. |
| 650 #7 - SUBJECT ADDED ENTRY--TOPICAL TERM | |
| Topical term or geographic name entry element | Military supplies. |
| 651 #7 - SUBJECT ADDED ENTRY--GEOGRAPHIC NAME | |
| Geographic name | Finland. |
| 655 #4 - INDEX TERM--GENRE/FORM | |
| Genre/form data or focus term | Electronic books. |
| 655 #7 - INDEX TERM--GENRE/FORM | |
| Genre/form data or focus term | History. |
| 700 1# - ADDED ENTRY--PERSONAL NAME | |
| Personal name | Talvitie, Petri, |
| Relator term | editor. |
| 700 1# - ADDED ENTRY--PERSONAL NAME | |
| Personal name | Granqvist, Juha-Matti, |
| Relator term | editor. |
| 856 ## - ELECTRONIC LOCATION AND ACCESS | |
| Uniform Resource Identifier | <a href="https://docs.google.com/spreadsheets/d/1yKIrdCPDAG_9c22mwoOIO2DOhtj65Wqa/edit?usp=sharing&ouid=106555315294820607512&rtpof=true&sd=true ">https://docs.google.com/spreadsheets/d/1yKIrdCPDAG_9c22mwoOIO2DOhtj65Wqa/edit?usp=sharing&ouid=106555315294820607512&rtpof=true&sd=true </a> |
| Link text | List of Curated E-Books |
| 942 ## - ADDED ENTRY ELEMENTS (KOHA) | |
| Source of classification or shelving scheme | Library of Congress Classification |
| Koha item type | E-Book |
| 994 ## - | |
| -- | 92 |
| -- | PHURS |
| Withdrawn status | Source of classification or shelving scheme | Damaged status | Not for loan | Home library | Current library | Date acquired | Total Checkouts | Date last seen | Price effective from | Koha item type |
|---|---|---|---|---|---|---|---|---|---|---|
| Library of Congress Classification | Not For Loan | Directory of Open Access Books | Directory of Open Access Books | 12/22/2021 | 12/22/2021 | 12/22/2021 | E-Book | |||
| Library of Congress Classification | JSTOR Open Access Books | JSTOR Open Access Books | 05/22/2022 | 05/22/2022 | 05/22/2022 | E-Book |